000 00866nam a2200277 i 4500
001 000038059
003 DO-SdBNP
005 20240703133329.0
007 ta
008 130312s2012 dr 000 0 spa d
040 _aDO-SdBNP
_bspa
_cBNPHU
_erda
082 4 _aRD861.5
_bC389j
_222
100 1 _aCedano, Mario J.
_924694
_eautor
245 1 0 _aMil siglos de amor :
_bcartas y poemas /
_cMario J. Cedano.
264 _aSanto Domingo :
_bGraphic Colonial,
_c2012.
300 _a118 páginas :
_bilustraciones ;
_c23 cm.
336 _2rdacontent
_atexto
_btxt
337 _2rdamedia
_asin mediación
_bn
338 _2rdacarrier
_avolumen
_bnc
590 _aInventariado, 2024/MFF
650 4 _aPoesía dominicana
650 4 _aLiteratura dominicana
650 4 _aCartas dominicanas
_914827
910 _aValidado. Control de calidad MFF
942 _2ddc
_cLBS1
999 _c37549
_d37549